Cliquez sur la bonne traduction en allemand - La plage - Statistiques

Statistiques générales
  • Ce quiz a été pris 89 fois
  • Le résultat moyen est 15 sur 22
Statistiques - réponses
Hint Réponse % Correct
Océan Ozean
96%
Nageur Schwimmer
89%
Soleil Sonne
89%
Mer Meer
88%
Sable Sand
88%
Crème solaire Sonnencreme
84%
Pêcheur Fischer
81%
Crabe Krabbe
81%
Île Insel
79%
Château de sable Sandburg
79%
Parasol Sonnenschirm
79%
Etoile de mer Seestern
65%
Eclabousser Spritzen
60%
Se noyer Ertrinken
54%
Mouette Möwe
54%
Bâteau Schiff
54%
Vague Welle
53%
Port Hafen
47%
Coquillage Muschel
44%
Phare Leuchtturm
42%
Requin Hai
30%
Marée Flut
21%
Aucun quiz correspondant
Distribution des résultats
% des personnes avec chaque résultat
Percentile par nombre de réponses
Votre historique - résultats
Vous n’avez pas pris ce quiz